Comment mener les discussions difficiles (Record no. 43080)

MARC details
000 -LEADER
fixed length control field 00613 a2200265 4500
037 ## - SOURCE OF ACQUISITION
Source of stock number/acquisition 1, CCA
037 ## - SOURCE OF ACQUISITION
Stock number L 14919
020 ## - NUMERO INTERNATIONAL NORMALISE DES LIVRES
International Standard Book Number 2-02-039952-0
100 ## - VEDETTE PRINCIPALE - NOM DE PERSONNE
Personal name Stone, Douglas
100 ## - VEDETTE PRINCIPALE - NOM DE PERSONNE
Language of a work Fr
260 ## - PUBLICATION, DISTRIBUTION, ETC. (IMPRINT)
Place of publication, distribution, etc Paris
260 ## - PUBLICATION, DISTRIBUTION, ETC. (IMPRINT)
Name of publisher, distributor, etc Ed. du Seuil
245 ## - TITLE STATEMENT
Title Comment mener les discussions difficiles
260 ## - PUBLICATION, DISTRIBUTION, ETC. (IMPRINT)
Date of publication, distribution, etc 2001
300 ## - PHYSICAL DESCRIPTION
Extent 270 p.
300 ## - PHYSICAL DESCRIPTION
Other physical details 22 cm
630 ## - SUBJECT ADDED ENTRY--UNIFORM TITLE
Uniform title 30 - Sciences sociales en general
650 ## - SUBJECT ADDED ENTRY--TOPICAL TERM
Topical term or geographic name as entry element 3 - SCIENCES SOCIALES
650 ## - SUBJECT ADDED ENTRY--TOPICAL TERM
Topical term or geographic name as entry element Dialogue
700 ## - ADDED ENTRY--PERSONAL NAME
Personal name Patton, Bruce
700 ## - ADDED ENTRY--PERSONAL NAME
Personal name Heen, Sheila
700 ## - ADDED ENTRY--PERSONAL NAME
Personal name trad., Taffin-Jouhaud, Dominique
Holdings
Withdrawn status Lost status Damaged status Not for loan Location (home branch) Sublocation or collection (holding branch) Date acquired Koha issues (times borrowed) Koha full call number Koha date last seen Price effective from Koha item type
        Bibliothèque Universitaire Centrale Bibliothèque Universitaire Centrale 28/02/2009   303.6 STO 28/02/2009 28/02/2009 Livre


© 2008, Bibliothèques de l'Université d'Abomey-Calavi

04 BP 789 Cotonou, Tél. : +229 21 36 01 01, Fax : +229 21 35 06 32

Courriel : bu@bu.uac.bj